Konsumentenbeteiligung an der Produktinnovation
Guardado en:
| Autor principal: | |
|---|---|
| Formato: | Libro |
| Lenguaje: | alemán |
| Publicado: |
Frankfurt am Main
Campus
1993
|
| Edición: | 1. Aufl. |
| Colección: | Campus Forschung
Bd. 701 |
| Materias: | |
| Etiquetas: |
Sin Etiquetas, Sea el primero en etiquetar este registro!
|
MARC
| LEADER | 00000nam a2200000 4500 | ||
|---|---|---|---|
| 001 | c010989 | ||
| 005 | 20221206075544.7 | ||
| 020 | |a 3-593-34813-6 | ||
| 041 | 0 | |a ger | |
| 044 | |a DE | ||
| 245 | 1 | 0 | |a Konsumentenbeteiligung an der Produktinnovation |c Thorsten Raabe |
| 250 | |a 1. Aufl. | ||
| 264 | 1 | |a Frankfurt am Main |b Campus |c 1993 | |
| 300 | |a 388 s. | ||
| 490 | 1 | |a Campus Forschung |v Bd. 701 | |
| 830 | 0 | |a Campus Forschung |v Bd. 701 | |
| 610 | 2 | 0 | |a spotrebitelia |
| 610 | 2 | 0 | |a výrobky |
| 610 | 2 | 0 | |a inovácia |
| 610 | 2 | 0 | |a politika podniková |
| 610 | 2 | 0 | |a komunikácia |
| 610 | 2 | 0 | |a kooperácia |
| 610 | 2 | 0 | |a modely |
| 610 | 2 | 0 | |a práca |
| 610 | 2 | 0 | |a trh |
| 610 | 2 | 0 | |a systémy dialógové |
| 610 | 2 | 0 | |a výskum trhu |
| 610 | 2 | 0 | |a marketing |
| 100 | 1 | |a Raabe, Thorsten | |